000 00564nam a2200241Ia 4500
003 OSt
005 20220912153035.0
006 a|||||r|||| 00| 0
007 ta
008 220909b |||||||| |||| 00| 0 eng d
024 _a24386
037 _cTextual
040 _aCSL
_beng
_cCSL
041 _aeng
082 _aB44, L1
100 _aMarshall Clifford W
245 0 _aApplied graph theory
260 _c1971
300 _ap.
_ccm.
650 _agraph theory
942 _hB44, L1
_cTEXL
_2CC
999 _c96922
_d96922